000 00677cam a22002172 4500
001 0000000264
005 20151021151043.0
008 070118s xx 000 0 eng d
020 _a8173192995 :
_cKES 2,450
040 _aKABU
_cKABU
050 0 _aQA76.73
_b.C153D35
100 1 _aDale, Nell B.
_@0000117106
245 1 0 _aC++ Plus data structures /
_cNell Dale.
260 _aNew Delhi :
_bNarosa,
_c1999.
300 _ax, 773 p.
650 0 _aC++ (Computer program language)
_@0000154344
908 _a070118
950 _@1
999 _c124
_d124